[Event "Vancouver Open"]
[Site "Vancouver, WA"]
[Date "2014.08.09"]
[Round "1"]
[White "Nicoski Aaron  (WA)"]
[Black "Varner Murlin  (WA)"]
[Result "1/2-1/2"]
[WhiteElo "1794"]
[BlackElo "1503"]
[Annotator ""]
[Source ""]
[Remark "Reserve"]

1.d4 Nf6 2.Bf4 g6 3.e3 Bg7 4.Nf3 O-O 5.h3 d5 ( 5...c5 ) 6.Bd3
Nc6 7.c3 Re8 {%02 ( I will live to regret having made this move, twice.)}
8.Ne5 Nxe5 ( 8...Nd7 9.Nxc6 bxc6 10.O-O e5 11.dxe5 Nxe5 12.Be2
Qh4 13.Nd2 g5 14.Bg3 Qh6 15.Nf3 g4 16.Nxe5 gxh3 17.Ng4 Bxg4 18.Bxg4
hxg2 19.Kxg2 Qg6 20.Qf3 Re7 21.Rh1 h6 22.Bf5 Qf6 23.Bh4 Qd6 24.Bxe7
Qxe7 25.Qg4 Kf8 26.Rad1 Rb8 27.Rd2 Rb5 28.Bh7 Qe5 29.Rh5 Qd6
30.e4 a6 31.exd5 cxd5 32.Qc8+ {1-0, Vereczkei Judit - Gabor Attila (HUN) 1995, Hungary 1994}
) 9.Bxe5 c6 10.Nd2 Nd7 11.Bxg7 Kxg7 12.f4 c5 13.O-O c4 14.Bc2
b5 15.f5 e5 16.fxg6 fxg6 17.Qf3 Nf6 18.dxe5 Rxe5 19.Qf4 Qe7 20.Rae1
Nh5 21.Qd4 Kg8 22.Nf3 Re6 23.Qxd5 Bb7 24.Qxb5 Rf8 25.Nd4 Rxf1+
26.Rxf1 Re5 27.Qxc4+ Kg7 28.Qb4 Qxb4 29.cxb4 Rxe3 30.Bb3 Be4
31.Ne6+ ( 31.Rf7+ ) Kh6 32.Nc5 Bc6 33.a4 Ng3 {!} 34.Rd1 Re2 35.Bd5
Bxd5 36.Rxd5 Rxb2 37.b5 Ne2+ 38.Kh2 Nf4 39.Rd4 Nxg2 40.Kg3 Ne3
41.Rd3 Nf5+ 42.Kf4 Rc2 43.Rd5 Rc3 44.Ke5 Ne7 ( 44...Ne3 ) 45.Rd7
Rxc5+ 46.Kd6 Rc4 47.Rxe7 Rxa4 48.Kc6 Rc4+ 49.Kb7 Rb4 50.Ka6 Ra4+ 1/2-1/2

[Event "Vancouver Open"]
[Site "Vancouver, WA"]
[Date "2014.08.09"]
[Round "1"]
[White "Yu Justin  (WA)"]
[Black "Sinanan Josh  (WA)"]
[Result "0-1"]
[WhiteElo "1920"]
[BlackElo "2280"]
[Annotator ""]
[Source ""]
[Remark "Open"]

1.e4 c5 2.Nf3 e6 3.d3 Nc6 4.Nbd2 e5 5.Nc4 d6 6.Ne3 g6 7.g3 Bg7
8.Bg2 Nge7 9.O-O O-O 10.c4 f5 11.Nd5 Nxd5 12.cxd5 Ne7 13.Nd2
f4 14.a4 g5 15.g4 Ng6 16.f3 Rf6 17.Nc4 Bd7 18.Bd2 Nh4 19.b4 b6
20.b5 h5 21.h3 Rh6 22.Kf2 Kf7 23.Rh1 Qf6 24.Qe2 Rah8 25.Rab1
hxg4 26.hxg4 Nxg2 27.Kxg2 Bxg4 28.a5 Bh3+ 29.Kg1 g4 30.Rh2 g3 0-1

[Event "Vancouver Open"]
[Site "Vancouver, WA"]
[Date "2014.08.09"]
[Round "1"]
[White "Hasuike Mike  (OR)"]
[Black "Doshi Krish  (WA)"]
[Result "1-0"]
[WhiteElo "1500"]
[BlackElo "284"]
[Annotator ""]
[Source ""]
[Remark "Reserve"]

1.d4 d5 2.e3 c6 3.Bd3 f6 4.Qh5+ g6 5.Bxg6+ hxg6 6.Qxh8 Bh6 7.Qxg8+
Bf8 8.Qxg6+ Kd7 9.Nf3 e5 10.dxe5 fxe5 11.Nxe5+ Kc7 12.Nc3 Qe7
13.Qf7 Qd7 14.Nxd7 Nxd7 15.O-O b6 16.Bd2 Ba6 17.Rfe1 Rb8 18.a4
b5 19.axb5 cxb5 20.Rxa6 Kb7 21.Rea1 Rc8 22.Qxd7+ Rc7 23.Rxa7+
Kb8 24.Qxc7# 1-0

[Event "Vancouver Open"]
[Site "Vancouver, WA"]
[Date "2014.08.09"]
[Round "1"]
[White "Miller N Frank  (WA)  "]
[Black "Bhatnagar Aryan  (WA)"]
[Result "1-0"]
[WhiteElo "2000"]
[BlackElo "579"]
[Annotator ""]
[Source ""]
[Remark "Open"]

1.d4 d5 2.c4 Nf6 3.cxd5 Nxd5 4.Nf3 Nc6 5.e4 Nf6 6.Nc3 e6 7.Bb5
Bd7 8.O-O Be7 9.d5 exd5 10.e5 Ne4 11.Qxd5 Nxc3 12.bxc3 O-O 13.Qe4
g6 14.Bh6 Bf5 15.Qe2 Re8 16.Rad1 Qc8 17.Bxc6 bxc6 18.Qc4 Be6
19.Qxc6 Rd8 20.Rd4 Bd7 21.Qc4 Bf8 22.Ng5 Bxh6 23.Qxf7+ Kh8 24.Qxh7# 1-0

[Event "Vancouver Open"]
[Site "Vancouver, WA"]
[Date "2014.08.09"]
[Round "1"]
[White "Shao Nathan  (CAN)"]
[Black "Gafni Kevin  (NV)"]
[Result "0-1"]
[WhiteElo "1811"]
[BlackElo "2054"]
[Annotator ""]
[Source ""]
[Remark "Open"]

1.e4 c5 2.Nf3 Nc6 3.Nc3 g6 4.Bc4 Bg7 5.O-O e6 6.d3 a6 7.a4 Nge7
8.Re1 d6 9.Bg5 h6 10.Bf4 O-O 11.Qd2 Kh7 12.Rab1 e5 13.Bg3 Bg4
14.Qd1 Nd4 15.Ng5+ hxg5 16.Qxg4 Nxc2 17.Rec1 Nd4 18.Qxg5 Qd7
19.Rf1 Bh6 20.Qh4 Kg7 21.h3 Rh8 22.Qg4 Qxg4 23.hxg4 Bd2 24.f4
Be3+ 25.Bf2 Bd2 26.Bg3 Nec6 27.Bh2 Be3+ 28.Kh1 exf4 29.g3 f3
30.Nd5 Rxh2+ 0-1

[Event "Vancouver Open"]
[Site "Vancouver, WA"]
[Date "2014.08.09"]
[Round "1"]
[White "Mathews Daniel  (WA)"]
[Black "Ruan Evan  (WA)"]
[Result "1-0"]
[WhiteElo "1744"]
[BlackElo "1442"]
[Annotator ""]
[Source ""]
[Remark "Reserve"]

1.e4 c5 2.Nf3 e6 3.d4 cxd4 4.Nxd4 a6 5.Nf3 b5 6.Bd3 Bb7 7.O-O
d6 8.a4 b4 9.c3 bxc3 10.Nxc3 Nd7 11.Be3 Ngf6 12.a5 Be7 13.Nd2
O-O 14.f3 Qc7 15.Be2 d5 16.exd5 Nxd5 17.Nxd5 Bxd5 18.Ne4 Qb7
19.Bd4 Bxe4 20.fxe4 Qxe4 21.Bf3 Qg6 22.Bxa8 Rxa8 23.Qf3 Rb8 24.Rac1
e5 25.Rc6 Bf6 26.Bc3 Ra8 27.Rxf6 1-0

[Event "Vancouver Open"]
[Site "Vancouver, WA"]
[Date "2014.08.09"]
[Round "1"]
[White "Feng Roland  (WA)"]
[Black "Nagase Toshihiro  (WA)"]
[Result "1-0"]
[WhiteElo "2305"]
[BlackElo "1939"]
[Annotator ""]
[Source ""]
[Remark "Open"]

1.d4 d5 2.c4 e6 3.Nc3 Nf6 4.cxd5 exd5 5.Bg5 Bb4 6.Qc2 h6 7.Bh4
O-O 8.e3 c5 9.a3 Bxc3+ 10.bxc3 cxd4 11.cxd4 Qa5+ 12.Qd2 Qxd2+
13.Kxd2 g5 14.Bg3 Bf5 15.f3 Nc6 16.Bd3 Bxd3 17.Kxd3 Rfe8 18.Be1
Rad8 19.h4 g4 20.Ne2 h5 21.Nf4 Rd7 22.Bb4 Nd8 23.Rac1 Ne6 24.Nxe6
Rxe6 25.Rc8+ Re8 26.Rhc1 Rxc8 27.Rxc8+ Kh7 28.e4 a6 29.Bc5 dxe4+
30.fxe4 Kg6 31.g3 Kh7 32.d5 Nxd5 33.exd5 Rxd5+ 34.Bd4 Rf5 35.Ke4
Rf3 36.Rc3 Rf1 37.Rc5 Kh6 38.Be3+ Kg6 39.Rg5+ Kf6 40.Rxh5 Rf3
41.Bf4 Rxa3 42.Rh6+ Kg7 43.Rb6 Ra5 44.Be5+ Kh7 45.Rxb7 Kg6 46.Rb6+
Kh7 47.Kf5 Ra4 48.Rb8 1-0

[Event "Vancouver Open"]
[Site "Vancouver, WA"]
[Date "2014.08.09"]
[Round "3"]
[White "Varner Murlin  (WA)"]
[Black "Yu Allistair  (WA)"]
[Result "1-0"]
[WhiteElo "1503"]
[BlackElo "1395"]
[Annotator ""]
[Source ""]
[Remark "Reserve"]

1.c4 e5 2.Nc3 f5 3.g3 Nf6 4.Bg2 Bc5 5.e3 Nc6 6.Nf3 d6 7.O-O Be6
8.b3 h6 9.d4 Bb4 10.Bb2 Bf7 11.Qc2 e4 12.Nh4 Qd7 13.Bh3 {!} Ne7
14.f3 ( 14.Nxe4 Nxe4 15.Bxf5 Nxf5 16.Qxe4+ Qe6 17.Qxf5 ) g5 15.Nxf5
Nxf5 16.fxe4 g4 17.Rxf5 gxh3 18.Rxf6 O-O-O 19.Raf1 Bh5 20.Nd5
{!} 1-0

[Event "Vancouver Open"]
[Site "Vancouver, WA"]
[Date "2014.08.09"]
[Round "1"]
[White "Pupols Viktors  (WA)"]
[Black "O'Connell Sean (OR)"]
[Result "0-1"]
[WhiteElo "2200"]
[BlackElo "1841"]
[Annotator ""]
[Source ""]
[Remark "Open"]

1.Nf3 d6 2.d4 g6 3.c4 Bg7 4.Nc3 e5 5.Bg5 f6 6.Bh4 Nc6 7.e4 Nh6
8.h3 O-O 9.d5 Ne7 10.g4 Nf7 11.Bd3 Bd7 12.Nd2 c6 13.Qb3 cxd5
14.cxd5 b5 15.Bxb5 Rb8 16.Qa4 Bxb5 17.Nxb5 Qb6 18.Na3 Qxb2 19.Rb1
Qc3 20.Rxb8 Rxb8 21.Qxa7 Rb2 22.Nac4 Rb1+ 23.Ke2 Rxh1 24.Qxe7
Rxh3 25.Bg3 Qb4 26.Qe8+ Bf8 27.a4 Rh1 28.a5 Rc1 29.Nb6 Rc2 30.Nd7
Qxd2+ 31.Kf1 Rc1+ 32.Kg2 Qh6 33.Bh2 Qg7 34.a6 Ng5 35.a7 Ra1 36.a8Q
Rxa8 37.Qxa8 Qxd7 38.f3 Qb5 39.Qa2 Qd3 40.Qf2 Be7 41.Bg3 Bd8
42.Bh4 Bb6 43.Qxb6 Qxf3+ 44.Kg1 Qxg4+ 45.Kf1 Qxh4 46.Qxd6 0-1

[Event "Vancouver Open"]
[Site "Vancouver, WA"]
[Date "2014.08.09"]
[Round "2"]
[White "Seshadri Sridhar  (WA)"]
[Black "Varner Murlin  (WA)"]
[Result "1-0"]
[WhiteElo "1786"]
[BlackElo "1503"]
[Annotator ""]
[Source ""]
[Remark "Reserve"]

1.d4 Nf6 2.c4 d6 3.Nc3 g6 4.e4 Nbd7 5.Nf3 c5 6.d5 Bg7 7.Be2 O-O
8.O-O Nb6 9.h3 e5 10.Bg5 Qe8 ( 10...h6 11.Be3 Nh5 12.Qc1 Kh7
13.Rb1 f5 14.exf5 Bxf5 15.Ra1 Nf4 16.Bxf4 exf4 17.Qxf4 Bxh3 18.Qd2
Bg4 19.Rae1 Bxf3 20.gxf3 Qh4 21.Kg2 Rf5 22.Ne4 Re8 23.Rh1 Qd8
24.Rh3 h5 25.Ng3 Rfe5 26.f4 Bh6 27.Qc2 Bxf4 28.Bxh5 Qg5 29.Bxg6+
Kg8 30.Bxe8 Qe7 31.Reh1 Qg7 32.Rh7 Qf6 33.Rf7 Qxf7 34.Bxf7+ Kxf7
35.Qh7+ Kf8 36.Qxb7 Nd7 37.Qc8+ Ke7 38.Rh7+ Kf6 39.Qxd7 Bxg3
40.Qg7+ Kf5 41.Rh5+ Ke4 42.Qg6+ Kd4 43.Kxg3 Rxh5 44.Qxh5 Kxc4
{1-0, Dominguez Ofretorio Javier (ESP) 2151 - Querol Soro Sergio (ESP) 2049, Spain 1991}
) 11.Bd3 h6 12.Be3 Nh7 13.Qd2 g5 14.Nh2 f5 15.exf5 Bxf5 16.Bxf5
Rxf5 17.Qd3 Qd7 18.Ne4 Raf8 19.Ng3 R5f7 20.Rab1 Qe7 21.Nh5 e4
22.Qc2 Be5 23.Ng4 Bd4 {?} 24.Nxh6+ Kh8 25.Nxf7+ Rxf7 26.Qe2 Qe8
27.b3 a5 28.Qg4 Qe7 29.Rbd1 Qe5 30.Qe6 Qxe6 31.dxe6 Re7 32.Bxd4+
cxd4 33.Rxd4 Rxe6 34.Re1 Rh6 35.g4 Nf6 36.Rxd6 Nbd7 37.Nxf6 Nxf6
38.Kg2 Kg7 39.Rb6 Kf7 40.Rxb7+ Ke6 41.Rd1 Rh8 42.Ra7 Ke5 43.Rxa5+
Kf4 44.Rf5# 1-0

[Event "Vancouver Open"]
[Site "Vancouver, WA"]
[Date "2014.08.10"]
[Round "4"]
[White "Varner Murlin  (WA)"]
[Black "Hendricks David  (WA)"]
[Result "0-1"]
[WhiteElo "1639"]
[BlackElo "1682"]
[Annotator ""]
[Source ""]
[Remark "Reserve"]

1.c4 Nf6 2.Nc3 g6 3.g3 Bg7 4.Bg2 O-O 5.Nf3 d6 6.O-O e5 7.d4 Nc6
8.d5 Ne7 9.e4 Nd7 10.Be3 ( 10.Ne1 ) f5 11.Ng5 Nf6 12.f4 h6 13.Nh3
fxe4 14.fxe5 dxe5 15.Nf2 Nf5 16.Bc5 Rf7 17.Ncxe4 ( 17.Nfxe4 )
b6 18.Ba3 Ne3 19.Nxf6+ Qxf6 20.Qe2 Nxf1 21.Rxf1 Bb7 22.b3 Re8
23.Bb2 Qd8 24.Bh3 Bc8 25.Bg2 Qd6 26.Ne4 Rxf1+ 27.Qxf1 Qe7 28.Qd3
Bf5 29.Qb1 Rf8 30.Qc1 Bxe4 31.Bxe4 Qf6 32.Qe1 Rf7 33.d6 Kh7 34.dxc7
Rxc7 35.h4 Kh8 36.Qd2 Rf7 37.Qe2 Bf8 38.Bd5 {??} Bc5+ 0-1

[Event "Vancouver Open"]
[Site "Vancouver, WA"]
[Date "2014.08.09"]
[Round "3"]
[White "Evered Cole  (OR)"]
[Black "Doshi Krish  (WA)"]
[Result "1-0"]
[WhiteElo "1255"]
[BlackElo "284"]
[Annotator ""]
[Source ""]
[Remark "Reserve"]

1.e4 e5 2.Nf3 f6 3.Bc4 Nh6 4.Nc3 c6 5.a3 d5 6.Ba2 Be6 7.d3 Bd6
8.exd5 cxd5 9.O-O Nc6 10.Nxd5 Bxd5 11.Bxd5 Kf8 12.Bxh6 gxh6 13.Nh4
Bc5 14.Ba2 f5 15.Qh5 Bd4 16.Qf7# 1-0

[Event "Vancouver Open"]
[Site "Vancouver, WA"]
[Date "2014.08.10"]
[Round "5"]
[White "Nicoski Rick  (WA)"]
[Black "Varner Murlin  (WA)"]
[Result "0-1"]
[WhiteElo "1362"]
[BlackElo "1639"]
[Annotator ""]
[Source ""]
[Remark "Reserve"]

1.d4 Nf6 2.Bf4 g6 3.e3 Bg7 4.h3 O-O 5.Nf3 d6 6.c4 Ne4 7.Bd3 Nf6
8.Nc3 Nbd7 9.O-O c5 10.d5 Nb6 11.Qc2 e5 12.dxe6 Bxe6 13.b3 d5
14.cxd5 Nfxd5 15.Be5 {??} Nb4 16.Qe2 Qxd3 17.Qxd3 Nxd3 18.Bxg7
Kxg7 19.Rad1 c4 20.Ne1 Nxe1 21.Rfxe1 cxb3 22.axb3 Bxb3 23.Rd4
Nc4 24.Rb1 Na5 25.Rb4 Be6 26.Na4 b6 27.Rc1 Rac8 28.Re1 Rc4 29.Rxc4
Nxc4 30.Nc3 Rc8 31.Ra1 a5 32.Ne4 b5 33.Nc3 b4 34.Na4 b3 35.Rc1
b2 36.Nxb2 Nxb2 0-1

[Event "Vancouver Open"]
[Site "Vancouver, WA"]
[Date "2014.08.09"]
[Round "1"]
[White "Greger Tom  (OR)"]
[Black "Hendricks David  (WA)"]
[Result "1/2-1/2"]
[WhiteElo "1400"]
[BlackElo "1674"]
[Annotator ""]
[Source ""]
[Remark "Reserve"]

1.e4 c5 2.Nc3 Nc6 3.f4 e6 4.Nf3 d5 5.Bb5 Nge7 6.d3 a6 7.Bxc6+
Nxc6 8.O-O Be7 9.Qe1 Nb4 10.Qe2 d4 11.Nd1 b5 12.a3 Nc6 13.c3
Bb7 14.f5 e5 15.Nf2 h5 16.Nh3 Qd6 17.Nhg5 Bxg5 18.Nxg5 Qf6 19.Rf3
O-O-O 20.Bd2 Rdf8 21.h4 Nd8 22.Rc1 Kb8 23.cxd4 cxd4 24.Bb4 Re8
25.Rc5 Qb6 26.Rc2 f6 27.Bc5 Qa5 28.Nh3 Nf7 29.Rf1 Rc8 30.Rfc1
Qd8 31.Qd2 Nh6 32.Nf2 Qe8 33.Qa5 Rc6 34.Bb6 Qc8 35.Rc5 Rxc5 36.Rxc5
Bc6 37.Rc2 Qb7 38.Bc5 Rg8 39.Bd6+ Ka8 40.Bc7 g6 41.fxg6 Rxg6
42.Bd8 f5 43.Bg5 fxe4 44.Nxe4 Ka7 45.Qd8 Nf7 46.Qf8 Bxe4 47.dxe4
Nxg5 48.hxg5 Rxg5 49.Qc5+ Ka8 50.Qf8+ Ka7 51.Qc5+ Kb8 52.Qf8+
Ka7 53.Qc5+ 1/2-1/2

[Event "Vancouver Open"]
[Site "Vancouver, WA"]
[Date "2014.08.09"]
[Round "1"]
[White "Evered Cole  (OR)"]
[Black "Mayer Jacob  (WA)"]
[Result "0-1"]
[WhiteElo "1295"]
[BlackElo "1570"]
[Annotator ""]
[Source ""]
[Remark "Reserve"]

1.e4 d5 2.exd5 Qxd5 3.Nc3 Qd6 4.d4 Nf6 5.Nf3 a6 6.Bd3 Nc6 7.Be3
Bg4 8.Be4 Nxe4 9.Nxe4 Qg6 10.Ng3 Nb4 11.O-O Nxc2 12.Rc1 Nxe3
13.fxe3 O-O-O 14.Qb3 Bxf3 15.Rxf3 e6 16.Qc4 Rd7 17.b4 Qg5 18.a4
Qd5 19.Qxd5 exd5 20.b5 axb5 21.axb5 b6 22.e4 f6 23.Rfc3 Bb4 24.Rc6
Bd2 25.Ra1 Kb7 26.Nf1 Ba5 27.exd5 Rxd5 28.Rac1 Rc8 29.Rd1 Rxb5
30.Re6 Rg5 31.Ne3 Bb4 32.d5 Rd8 0-1

[Event "Vancouver Open"]
[Site "Vancouver, WA"]
[Date "2014.08.09"]
[Round "1"]
[White "Chen Brian  (WA)"]
[Black "Buck Stephen  (WA)"]
[Result "0-1"]
[WhiteElo "1442"]
[BlackElo "1716"]
[Annotator ""]
[Source ""]
[Remark "Reserve"]

1.e4 c5 2.Nf3 d6 3.d4 cxd4 4.Nxd4 Nf6 5.Nc3 a6 6.Be3 e6 7.Be2
Nc6 8.O-O Be7 9.a3 O-O 10.Qd2 Qc7 11.Rad1 Ne5 12.Bf4 Nc4 13.Bxc4
Qxc4 14.Qe2 Qc7 15.Bg3 b5 16.e5 dxe5 17.Bxe5 Qb6 18.Bf4 Bb7 19.Be3
Qc7 20.h3 Rac8 21.Rc1 Rfd8 22.Rfd1 Nd5 23.Nxd5 Bxd5 24.Qg4 Bf6
25.Bg5 Qe7 26.Bxf6 Qxf6 27.Qg3 Bxg2 28.Qxg2 Rxd4 29.Qb7 Rcd8
30.Rxd4 Qxd4 31.Qxa6 Qxb2 32.Rf1 g6 33.Qb6 Ra8 34.c4 Rxa3 35.c5
Rxh3 36.c6 Rc3 37.Qb8+ Kg7 38.Qe5+ Kh6 39.Kg2 f5 40.c7 Qc2 41.Rh1+
Kg5 42.c8Q Rxc8 43.Qg3+ Kf6 44.Qh4+ Ke5 45.Re1+ Kd5 46.Qf6 Rc6
47.Qe5+ Kc4 48.Qf4+ Kb3 49.Re3+ Rc3 50.Re5 b4 51.Rb5 Qe4+ 0-1

[Event "Vancouver Open"]
[Site "Vancouver, WA"]
[Date "2014.08.09"]
[Round "2"]
[White "Hendricks David  (WA)"]
[Black "Bluffstone Ari  (OR)"]
[Result "0-1"]
[WhiteElo "1674"]
[BlackElo "1484"]
[Annotator ""]
[Source ""]
[Remark "Reserve"]

1.d4 e6 2.Bf4 Nf6 3.e3 d5 4.Nf3 c5 5.c3 Nc6 6.Bd3 Be7 7.h3 O-O
8.Nbd2 Re8 9.O-O Bd6 10.Ne5 h6 11.Ndf3 a6 12.g4 g5 13.Bg3 cxd4
14.exd4 Ne4 15.Bxe4 dxe4 16.Nxc6 bxc6 17.Ne5 Qc7 18.Kg2 c5 19.Nc4
Bxg3 20.fxg3 cxd4 21.Qxd4 e5 22.Qf2 Qxc4 23.Qf6 Qe6 24.Qf2 Bb7
25.Kh2 Rad8 26.Qe2 Rd3 27.Rad1 Red8 28.Rxd3 Rxd3 ( 28...exd3
{!} ) 29.Rd1 Qd5 30.Rxd3 Qxd3 ( 30...exd3 31.Qf1 d2 32.c4 d1Q
33.cxd5 Qxf1 34.h4 Bxd5 35.b3 Qg2# ) 31.Qg2 Bd5 32.a3 e3 0-1

[Event "Vancouver Open"]
[Site "Vancouver, WA"]
[Date "2014.08.09"]
[Round "2"]
[White "Tan Alan  (WA)"]
[Black "Cherepakhin Olga  (WA)"]
[Result "0-1"]
[WhiteElo "1527"]
[BlackElo "1649"]
[Annotator ""]
[Source ""]
[Remark "Reserve"]

1.d4 d5 2.c4 e6 3.Nc3 Nf6 4.cxd5 exd5 5.Bg5 Be7 6.e3 h6 7.Bh4
O-O 8.Bd3 b6 9.Nge2 Bb7 10.O-O c5 11.Rc1 Nbd7 12.f3 a6 13.Bf2
c4 14.Bb1 b5 15.Ng3 b4 16.Nce2 Qa5 17.e4 Rfc8 18.e5 Nh7 19.Nf5
Bd8 20.Qc2 Ndf8 21.Nd6 Rc7 22.Qf5 Bc8 23.Qh5 g6 24.Bh4 gxh5 25.Bxd8
Be6 26.Bxc7 Qxc7 27.f4 Bg4 28.Rf2 Bxe2 29.Rxe2 Ne6 0-1

[Event "Vancouver Open"]
[Site "Vancouver, WA"]
[Date "2014.08.09"]
[Round "2"]
[White "Gafni Kevin  (NV)"]
[Black "Wu Ethan  (OR)"]
[Result "1-0"]
[WhiteElo "2054"]
[BlackElo "1585"]
[Annotator ""]
[Source ""]
[Remark "Open"]

1.e4 e6 2.d4 d5 3.Nc3 Nf6 4.Bg5 Bb4 5.e5 h6 6.Bd2 Nfd7 7.Qg4
Kf8 8.a3 Ba5 9.b4 Bb6 10.Nce2 a5 11.Rb1 axb4 12.axb4 Nc6 13.c3
Ne7 14.Ng3 Ng6 15.Bd3 Ndxe5 16.dxe5 Nxe5 17.Qe2 Qf6 18.Nf3 Ng4
19.O-O e5 20.h3 Nxf2 21.Rxf2 Bxf2+ 22.Qxf2 e4 23.Nxe4 dxe4 24.Bxe4
c6 25.Qb6 g6 26.Be3 Qe6 27.Re1 Qd7 28.Bd4 Rh7 29.Ne5 Qe8 30.Bxg6
Rg7 31.Bxf7 Bxh3 32.Bc5+ Qe7 33.Bxe7+ Kxe7 34.Qc7+ Kf6 35.Rf1+
Kg5 36.Qe7# 1-0

[Event "Vancouver Open"]
[Site "Vancouver, WA"]
[Date "2014.08.09"]
[Round "4"]
[White "Bhatnagar Aryan  (WA)"]
[Black "Bannon David  (OR)"]
[Result "0-1"]
[WhiteElo "579"]
[BlackElo "1862"]
[Annotator ""]
[Source ""]
[Remark "Open"]

1.e4 e6 2.d3 d5 3.f3 f5 4.Nd2 Bd6 5.b3 Qh4+ 6.g3 Bxg3+ 7.Ke2
Nc6 8.Bb2 d4 9.Nh3 Qh6 10.hxg3 Qe3# 0-1

[Event "Vancouver Open"]
[Site "Vancouver, WA"]
[Date "2014.08.09"]
[Round "2"]
[White "Richards Jerrold  (WA)"]
[Black "Manivannan Arvind  (WA)"]
[Result "1-0"]
[WhiteElo "1305"]
[BlackElo "685"]
[Annotator ""]
[Source ""]
[Remark "Reserve"]

1.c4 Nc6 2.g3 b6 3.Bg2 Bb7 4.Nf3 e5 5.Nxe5 Bd6 6.Nxc6 Bxc6 7.Bxc6
dxc6 8.Nc3 Bc5 9.b3 Qf6 10.e3 O-O-O 11.Qg4+ Kb8 12.Bb2 Nh6 13.Qe2
Qe6 14.Na4 Qe4 15.O-O-O Ng4 16.f3 Qd3 17.Qxd3 Rxd3 18.fxg4 Rhd8
19.Nxc5 bxc5 20.g5 g6 21.Rhf1 Rf8 22.Bg7 Rfd8 23.Rxf7 a5 24.Rf8
Rxf8 25.Bxf8 a4 26.Kc2 Rd8 27.Bxc5 Kb7 28.b4 Re8 29.Rf1 Re5 30.h4
Rf5 31.Rxf5 gxf5 32.a3 Kc8 33.Kd3 Kd7 34.e4 Ke6 35.exf5+ Kxf5
36.Ke3 Kg4 37.Kf2 Kf5 38.Kf3 Kg6 39.Kf4 h6 40.gxh6 Kxh6 41.g4
Kg6 42.g5 Kg7 43.Kf5 Kh7 44.Kf6 Kg8 45.g6 Kh8 46.g7+ Kg8 47.h5
Kh7 48.Kf7 Kh6 49.g8Q 1-0

[Event "Vancouver Open"]
[Site "Vancouver, WA"]
[Date "2014.08.09"]
[Round "2"]
[White "Banner Richard  (WA)"]
[Black "Heywood Bill  (OR)"]
[Result "1/2-1/2"]
[WhiteElo "1800"]
[BlackElo "2000"]
[Annotator ""]
[Source ""]
[Remark "Open"]

1.e4 e5 2.Bc4 Nf6 3.d3 Nc6 4.Bg5 Be7 5.Nf3 d6 6.h3 Be6 7.Bxe6
fxe6 8.Nc3 O-O 9.O-O h6 10.Bd2 Qe8 11.Ne2 Nh5 12.Ng3 Nf4 13.Bxf4
exf4 14.Ne2 Ne5 15.Ned4 Bf6 16.Nxe5 Bxe5 17.c3 Bxd4 18.cxd4 f3
19.g3 b6 20.Rc1 c5 21.dxc5 dxc5 22.Qb3 Rd8 23.Rfe1 Kh8 24.e5
Rd5 25.h4 Qh5 26.Rc4 Rfd8 27.Re3 Rd4 28.Rxd4 cxd4 29.Re4 Rd5
30.Qc4 Qf5 31.g4 Qf7 32.Rxd4 Rxe5 33.Re4 Qf6 34.Rxe5 Qxe5 35.Qe4
Qxb2 36.Qa8+ Kh7 37.Qe4+ Kh8 38.Qa8+ Kh7 39.Qe4+ Kh8 40.Qa8+
Kh7 1/2-1/2

[Event "Vancouver Open"]
[Site "Vancouver, WA"]
[Date "2014.08.09"]
[Round "2"]
[White "Stump Karl  (WA)"]
[Black "Hasuike Mike  (OR)"]
[Result "1/2-1/2"]
[WhiteElo "1658"]
[BlackElo "1500"]
[Annotator ""]
[Source ""]
[Remark "Reserve"]

1.e4 Nf6 2.Nc3 d5 3.e5 d4 4.exf6 dxc3 5.fxg7 cxd2+ 6.Qxd2 Qxd2+
7.Bxd2 Bxg7 8.O-O-O Be6 9.Kb1 Nd7 10.Nf3 h6 11.Bd3 Bf6 12.h3
O-O-O 13.Rhe1 Nc5 14.Bb5 c6 15.Be3 Nd7 16.Bd3 Nb6 17.Bxb6 axb6
18.Ne5 Rhg8 19.g4 h5 20.f4 hxg4 21.Nxg4 Bxg4 22.hxg4 e6 23.g5
Be7 24.g6 Rg7 25.f5 fxg6 26.fxg6 Rd6 27.a3 Kd7 28.Re2 Rxg6 29.Bxg6
Rxd1+ 30.Ka2 Rf1 1/2-1/2

[Event "Vancouver Open"]
[Site "Vancouver, WA"]
[Date "2014.08.09"]
[Round "2"]
[White "May Sarah  (WA)"]
[Black "Feng Roland  (WA)"]
[Result "0-1"]
[WhiteElo "2041"]
[BlackElo "2305"]
[Annotator ""]
[Source ""]
[Remark "Open"]

1.e4 e6 2.d4 d5 3.e5 c5 4.c3 Nc6 5.Nf3 Qb6 6.a3 c4 7.g3 Bd7 8.Bg2
Na5 9.Nbd2 Ne7 10.O-O Nc8 11.Ne1 Qc7 12.f4 g6 13.Rb1 Nb6 14.Ndf3
Nb3 15.Be3 Be7 16.Nd2 Ba4 17.Qe2 O-O-O 18.g4 Nxd2 19.Qxd2 h5
20.g5 a5 21.Bf3 Kb8 22.Bd1 Ka7 23.Bxa4 Nxa4 24.Qc2 b5 25.Nf3
Rb8 26.Rfc1 Ka6 27.Ra1 Rb6 28.Bd2 Kb7 29.Kg2 Qc6 30.Ra2 Ra8 31.Rca1
Rba6 32.Be1 Nb6 33.Bd2 b4 34.axb4 axb4 35.Rxa6 Rxa6 36.Rxa6 Kxa6
37.cxb4 Qa4 38.Qxa4+ Nxa4 39.Bc1 Bxb4 40.Kf2 Kb5 41.Ke2 Ba5 42.Kd1
Nb6 43.Ng1 Nc8 44.Ne2 Ne7 45.Be3 Nc6 46.Nc1 Bb6 47.Ne2 Ka4 48.Kc2
Nb4+ 49.Kc3 Ba5 50.Nc1 Nd3+ 51.Kc2 Ne1+ 52.Kd1 Nf3 53.Kc2 Nxh2
54.b3+ Kb5 55.Ne2 Ng4 56.Bg1 h4 57.Nc3+ Bxc3 58.Kxc3 cxb3 59.Kxb3
h3 0-1

[Event "Vancouver Open"]
[Site "Vancouver, WA"]
[Date "2014.08.09"]
[Round "2"]
[White "Mayer Jacob  (WA)"]
[Black "Mathews Daniel  (WA)"]
[Result "0-1"]
[WhiteElo "1612"]
[BlackElo "1744"]
[Annotator ""]
[Source ""]
[Remark "Reserve"]

1.e4 g6 2.d4 Bg7 3.Bc4 e6 4.Nf3 d5 5.exd5 exd5 6.Be2 Nf6 7.Nc3
O-O 8.Bf4 a6 9.Qd2 Ne4 10.Nxe4 dxe4 11.Ne5 c5 12.c3 cxd4 13.cxd4
Nc6 14.Nxc6 bxc6 15.Be3 Be6 16.O-O Bd5 17.b3 a5 18.Qc2 Qb6 19.Rad1
Rfe8 20.Bc4 Rac8 21.Rd2 Bf8 22.Rc1 Bb4 23.Rdd1 Ba3 24.Rb1 Bd6
25.Rbc1 Qb8 26.h3 f5 27.Bd2 Bb4 28.Bxb4 axb4 29.Qd2 Qd6 30.Re1
Red8 31.g3 Rf8 32.Bf1 f4 33.Kh2 fxg3+ 34.fxg3 Rf3 35.Qg5 Rcf8
36.Bg2 Rf2 37.Rf1 e3 38.Rxf2 Rxf2 39.Rg1 e2 40.Qe3 Qf8 41.Kh1
Rxg2 42.Rxg2 Qf1+ 0-1

[Event "Vancouver Open"]
[Site "Vancouver, WA"]
[Date "2014.08.09"]
[Round "2"]
[White "Sinanan Joshua  (WA)"]
[Black "Nagase Masayuki  (WA)"]
[Result "1-0"]
[WhiteElo "2269"]
[BlackElo "2028"]
[Annotator ""]
[Source ""]
[Remark "Open"]

1.Nf3 f5 2.d3 Nf6 3.e4 d6 4.exf5 Bxf5 5.d4 e6 6.Bd3 Bxd3 7.Qxd3
Nc6 8.O-O Be7 9.Re1 Qd7 10.Qe2 e5 11.dxe5 Nxe5 12.Nxe5 dxe5 13.Qxe5
O-O-O 14.Nc3 Bb4 15.Be3 Rhe8 16.Qf4 Nd5 17.Qd4 c5 18.Qc4 b5 19.Nxb5
Nb6 20.Nd6+ Kb8 21.Qa6 Re6 22.c3 Nd5 23.cxb4 Rxd6 24.Qc4 Nxe3
25.fxe3 Rd2 26.bxc5 Qc6 27.Re2 R2d5 28.b4 g5 29.Rf1 Rd1 30.Ref2
R8d2 31.Qg8+ Kb7 32.Qxg5 Qb5 33.Qf4 Rxf1+ 34.Rxf1 Qe2 35.Qf3+ 1-0

[Event "Vancouver Open"]
[Site "Vancouver, WA"]
[Date "2014.08.09"]
[Round "2"]
[White "Doshi Krish  (WA)"]
[Black "Chen Brian  (WA)"]
[Result "0-1"]
[WhiteElo "284"]
[BlackElo "1415"]
[Annotator ""]
[Source ""]
[Remark "Reserve"]

1.e4 c5 2.c3 Nc6 3.d4 cxd4 4.cxd4 g6 5.d5 Nb4 6.a3 Na6 7.e5 Bg7
8.e6 dxe6 9.dxe6 Qxd1+ 10.Kxd1 Bxe6 11.Nc3 Nf6 12.Nf3 O-O 13.Ne5
Rfd8+ 14.Bd2 Nd5 15.Nxd5 Rxd5 16.Nxg6 hxg6 17.h4 Rad8 18.Bxa6
Rxd2+ 19.Ke1 bxa6 20.Rh3 Bxh3 21.gxh3 Rxb2 22.h5 Bc3+ 23.Kf1
Rdd2 24.Rc1 Rxf2+ 25.Kg1 Rg2+ 26.Kf1 Rbf2# 0-1

[Event "Vancouver Open"]
[Site "Vancouver, WA"]
[Date "2014.08.09"]
[Round "1"]
[White "Huang Patrtick  (CAN)"]
[Black "Allen Robert  (WA)"]
[Result "0-1"]
[WhiteElo "1449"]
[BlackElo "1760"]
[Annotator ""]
[Source ""]
[Remark "Reserve"]

1.e4 c5 2.Nf3 d6 3.d4 cxd4 4.Nxd4 Nf6 5.Nc3 g6 6.Be3 Bg7 7.Bc4
O-O 8.f3 Nc6 9.g4 Qb6 10.Bb3 Nxg4 11.Na4 Qb4+ 12.c3 Nxe3 13.Nxc6
bxc6 14.Qe2 Qa5 15.Qxe3 Bd7 16.Qd2 c5 17.c4 Qxd2+ 18.Kxd2 Bxa4
19.Bxa4 Bxb2 20.Rab1 Rab8 21.Kc2 Be5 22.h3 Kg7 23.Rxb8 Rxb8 24.Bb3
Kh6 25.Kd3 Kg5 26.Ke2 Rb4 27.Kf2 a5 28.Rc1 a4 29.Bd1 Rb2+ 30.Rc2
a3 31.Rxb2 Bxb2 32.Bc2 Kf4 33.Kg2 Ke3 34.Kg3 Be5+ 35.Kg2 Bf4
36.Bb3 Kd4 37.Kf2 e6 38.Ke2 d5 39.cxd5 exd5 40.Bxd5 f6 41.Be6
c4 42.Kd1 Kd3 43.Bd5 c3 44.Bb3 Ke3 45.Bd5 Be5 46.Bg8 h6 47.Bh7
Kd3 48.Bxg6 c2+ 49.Ke1 c1Q+ 50.Kf2 Qd2+ 51.Kf1 Ke3 52.Kg1 Qh2+
53.Kf1 Qf2# 0-1